Đề mẫu thi trắc nghiệm môn toán luyện thi Đại học và cao đẳng
Guardat en:
| Autor principal: | |
|---|---|
| Format: | Llibre |
| Idioma: | Undetermined |
| Publicat: |
Đồng Nai
Nxb.Đồng Nai
2003
|
| Matèries: | |
| Etiquetes: |
Afegir etiqueta
Sense etiquetes, Sigues el primer a etiquetar aquest registre!
|
| Thư viện lưu trữ: | Trung tâm Học liệu Trường Đại học Cần Thơ |
|---|
| LEADER | 00610nam a2200193Ia 4500 | ||
|---|---|---|---|
| 001 | CTU_91700 | ||
| 008 | 210402s9999 xx 000 0 und d | ||
| 020 | |c 22000 | ||
| 082 | |a 510.076 | ||
| 082 | |b Th561 | ||
| 100 | |a Trần, Văn Thương | ||
| 245 | 0 | |a Đề mẫu thi trắc nghiệm môn toán luyện thi Đại học và cao đẳng | |
| 245 | 0 | |c Trần Văn Thương, Lê Văn Đỗ | |
| 260 | |a Đồng Nai | ||
| 260 | |b Nxb.Đồng Nai | ||
| 260 | |c 2003 | ||
| 650 | |a Mathematics | ||
| 904 | |i Nguyên | ||
| 980 | |a Trung tâm Học liệu Trường Đại học Cần Thơ | ||